NCAA Men's Basketball One Seed's - Statistics

General Stats
  • This quiz has been taken 80 times
  • The average score is 138 of 176
Answer Stats
Hint Answer % Correct
Duke
97%
Kansas
91%
Michigan
91%
North Carolina
91%
1979 UCLA
89%
2023 Alabama
88%
Kentucky
88%
Michigan State
86%
Purdue
86%
Texas
86%
Arizona
85%
Houston
85%
Villanova
85%
1981 | 2018 Virginia
85%
2007 | 2014 Florida
83%
Indiana
80%
1990 UConn
77%
Baylor
76%
Illinois
76%
1980 | 2012 Syracuse
76%
Gonzaga
74%
UConn
74%
Oklahoma
73%
Arkansas
71%
Louisville
71%
2002 Maryland
71%
Oregon
71%
Wisconsin
71%
LSU
70%
Ohio State
70%
UNLV
70%
Auburn
68%
Georgetown
67%
Washington
65%
Missouri
61%
Notre Dame
61%
Cincinnati
58%
Stanford
58%
1983 | 1986 St. John's
58%
Memphis
56%
1995 Wake Forest
56%
Minnesota
53%
Wichita State
50%
Xavier
50%
Indiana State
48%
Oregon State
47%
2009 Pittsburgh
44%
DePaul
36%
1988 Temple
32%
1996 Massachusetts
18%
2004 Saint Joseph's
18%
No matching quizzes found
Score Distribution
Percent of People with Each Score
Percentile by Number Answered
Your Score History
You have not taken this quiz